Le contrôle citoyen sur les finances locales dans l’Union européenne (notice n° 1616333)

détails MARC
000 -LEADER
fixed length control field 00740cam a2200217 4500500
005 - DATE AND TIME OF LATEST TRANSACTION
control field 20260111080443.0
041 ## - LANGUAGE CODE
Language code of text/sound track or separate title fre
042 ## - AUTHENTICATION CODE
Authentication code dc
100 10 - MAIN ENTRY--PERSONAL NAME
Personal name Chouvel, Rudy
Relator term author
245 00 - TITLE STATEMENT
Title Le contrôle citoyen sur les finances locales dans l’Union européenne
260 ## - PUBLICATION, DISTRIBUTION, ETC.
Date of publication, distribution, etc. 2020.<br/>
500 ## - GENERAL NOTE
General note 32
690 ## - LOCAL SUBJECT ADDED ENTRY--TOPICAL TERM (OCLC, RLIN)
Topical term or geographic name as entry element contrôle
690 ## - LOCAL SUBJECT ADDED ENTRY--TOPICAL TERM (OCLC, RLIN)
Topical term or geographic name as entry element Cour des comptes
690 ## - LOCAL SUBJECT ADDED ENTRY--TOPICAL TERM (OCLC, RLIN)
Topical term or geographic name as entry element Europe
690 ## - LOCAL SUBJECT ADDED ENTRY--TOPICAL TERM (OCLC, RLIN)
Topical term or geographic name as entry element finances locales
690 ## - LOCAL SUBJECT ADDED ENTRY--TOPICAL TERM (OCLC, RLIN)
Topical term or geographic name as entry element institutions régionales de contôle
690 ## - LOCAL SUBJECT ADDED ENTRY--TOPICAL TERM (OCLC, RLIN)
Topical term or geographic name as entry element institutions supérieures de contrôle
786 0# - DATA SOURCE ENTRY
Note Gestion & Finances Publiques | 6 | 6 | 2020-12-09 | p. 91-97 | 1969-1009
856 41 - ELECTRONIC LOCATION AND ACCESS
Uniform Resource Identifier <a href="https://droit.cairn.info/revue-gestion-et-finances-publiques-2020-6-page-91?lang=fr&redirect-ssocas=7080">https://droit.cairn.info/revue-gestion-et-finances-publiques-2020-6-page-91?lang=fr&redirect-ssocas=7080</a>

Pas d'exemplaire disponible.

PLUDOC

PLUDOC est la plateforme unique et centralisée de gestion des bibliothèques physiques et numériques de Guinée administré par le CEDUST. Elle est la plus grande base de données de ressources documentaires pour les Étudiants, Enseignants chercheurs et Chercheurs de Guinée.

Adresse

627 919 101/664 919 101

25 boulevard du commerce
Kaloum, Conakry, Guinée

Réseaux sociaux

Powered by Netsen Group @ 2025